Estadísticas para Equipos de las primeras divisiones europeas (2014/2015)

Haz click aquí para intentar la prueba.

Estadísticas generales

  • Esta prueba ha sido intentada 425 veces
    (399 desde el último reinicio)
  • La puntuación promedio es 48 de 100

Estadísticas de respuestas

Respuesta% Correcto
Barcelona
96%
Real Madrid
96%
Manchester City
94%
Manchester United
94%
Valencia
91%
Sevilla
89%
Liverpool
88%
Atlético de Madrid
87%
Bayern Múnich
87%
Paris Saint Germain
87%
Chelsea
85%
Arsenal
84%
Athletic
83%
Inter
83%
Milan
83%
Juventus
82%
Borussia Dortmunt
80%
Real Sociedad
78%
Deportivo de La Coruña
76%
Tottenham Horspur
75%
Roma
72%
Celta de Vigo
71%
Espanyol
70%
Napoli
69%
Málaga
68%
Lazio
67%
Getafe
66%
Granada
65%
Bayern Leverkusen
63%
Levante
63%
Almería
62%
Everton
62%
Villareal
62%
-
58%
Aston Villa
58%
Fiorentina
58%
Leicester City
58%
Rayo Vallecano
58%
West Ham United
57%
Monaco
55%
Olympique de Marsella
55%
Eibar
54%
Elche
54%
Newcastle United
52%
Torino
51%
Córdoba
48%
Atalanta
44%
Palermo
44%
Sampdoria
44%
Hamburgo
42%
Lille
42%
Wolfsburgo
42%
Sunderland
41%
Southampton
40%
Genoa
39%
Nantes
38%
Parma
38%
Udinese
37%
Werder Bremen
37%
Swansea City
35%
Crystal Palace
34%
Borussia Monchengladbach
33%
Olympique de Lion
33%
Sassuolo
33%
Stoke City
33%
Cagliari
32%
Hellas Verona
32%
Montpellier
32%
Rennes
32%
Chievo Verona
31%
Queens Park Rangers
31%
Colonia
30%
Burnley
29%
Stuttgar
29%
Hertha Berlin
28%
Mainz 05
28%
Toulouse
27%
Niza
26%
Girondins de Burdeos
25%
Hannover 96
25%
Hull City
25%
Lens
25%
West Bromwich Albion
24%
Saint Etienne
22%
Eintracht Frankfurt
21%
Empoli
20%
Friburgo
19%
Hoffenheim
19%
Augsburgo
16%
Caen
15%
Cesena
15%
Lorient
15%
Shalke 04
15%
Metz
14%
Bastia
12%
Guingamp
12%
Stade de Reims
10%
Paderborn
9%
Evian Thonon Gaillard
4%

Distribución de puntuación

Porcentaje por número respondido

Porcentaje de gente con cada puntuación

Historial de tus puntuaciones

No has intentado esta prueba desde el último reinicio